A COMPARATIVE STUDY OF THE TRACE ELEMENTS CONTAMINATION AROUND THE E-WASTE RECYCLING SITES AND THEIR TREATMENT WITH AGRICULTURE WASTE / (Record no. 534757)

000 -LEADER
fixed length control field 00578nam a22001577a 4500
020 ## - INTERNATIONAL STANDARD BOOK NUMBER
Qualifying information Hard Cover.
082 ## - DEWEY DECIMAL CLASSIFICATION NUMBER
Classification number 628.05
100 ## - MAIN ENTRY--PERSONAL NAME
Personal name Iqbal, Azhar
245 ## - TITLE STATEMENT
Title A COMPARATIVE STUDY OF THE TRACE ELEMENTS CONTAMINATION AROUND THE E-WASTE RECYCLING SITES AND THEIR TREATMENT WITH AGRICULTURE WASTE /
Statement of responsibility, etc. Azhar Iqbal.
260 ## - PUBLICATION, DISTRIBUTION, ETC.
Place of publication, distribution, etc. Islamabad:
Name of publisher, distributor, etc. SCEE - NUST,
Date of publication, distribution, etc. 2015.
300 ## - PHYSICAL DESCRIPTION
Extent 63 p. :
Other physical details ill. ;
Dimensions 30cm.
942 ## - ADDED ENTRY ELEMENTS (KOHA)
Source of classification or shelving scheme
Koha item type Thesis
650 ## - SUBJECT ADDED ENTRY--TOPICAL TERM
Topical term or geographic name entry element Environmental Science MS-Thesis.
700 ## - ADDED ENTRY--PERSONAL NAME
Personal name Dr. Muhammad Anwar Baig
650 ## - SUBJECT ADDED ENTRY--TOPICAL TERM
-- 16562
700 ## - ADDED ENTRY--PERSONAL NAME
-- 19516
Holdings
Withdrawn status Lost status Source of classification or shelving scheme Damaged status Not for loan Permanent Location Current Location Shelving location Date acquired Total Checkouts Full call number Barcode Date last seen Price effective from Koha item type
          Central Library (CL) Central Library (CL) Thesis 03/20/2020   628.05 CL-T-5638 03/20/2020 03/20/2020 Thesis
© 2023 Central Library, National University of Sciences and Technology. All Rights Reserved.